| 000 | 01304cam a2200325 a 4500 | ||
|---|---|---|---|
| 999 |
_c2143 _d2143 |
||
| 001 | .b21744294 | ||
| 003 | OCoLC | ||
| 005 | 20230313092403.0 | ||
| 008 | 010912r20011999nyua c 000 1 eng d | ||
| 020 | _a9780439136365 (pbk.) | ||
| 040 |
_aGZD _cGZD _dLHA _dOCLCQ _dBAKER _dNTU _dKH8 |
||
| 043 | _ae-uk-en | ||
| 049 | _aNTUA | ||
| 082 | 4 | _a823.92 ROW | |
| 100 | 1 |
_aRowling, J. K. _eauthor |
|
| 245 | 1 | 0 |
_aHarry Potter and the prisoner of Azkaban / _cby J.K. Rowling ; illustrations by Mary GrandPré. |
| 260 |
_aNew York : _bScholastic Inc., _c2001, c1999. |
||
| 300 |
_aix, 435 p. : _bill. ; _c20 cm. |
||
| 500 | _a"First Scholastic trade paperback printing, September 2001"--T.p. verso. | ||
| 500 | _a"Year 3"--Spine. | ||
| 500 | _aSequel to: Harry Potter and the Chamber of Secrets. | ||
| 520 | _aDuring his third year at Hogwarts School for Witchcraft and Wizardry, Harry Potter must confront the devious and dangerous wizard responsible for his parents' deaths. | ||
| 650 | 0 |
_aMagic _vJuvenile fiction. |
|
| 650 | 0 |
_aHogwarts School of Witchcraft and Wizardry (Imaginary place) _vJuvenile fiction. |
|
| 650 | 0 |
_aSchools _vJuvenile fiction. |
|
| 650 | 0 |
_aWizards _vJuvenile fiction. |
|
| 651 | 0 |
_aEngland _vJuvenile fiction. |
|
| 700 | 1 |
_aGrandPré, Mary. _eillustrator |
|
| 942 |
_2ddc _cNFIC |
||